<?xml version="1.0" encoding="UTF-8"?>
<collection xmlns="http://www.loc.gov/MARC21/slim">
 <record>
  <leader>04424cam a2200661   4500</leader>
  <controlfield tag="001">867497998</controlfield>
  <controlfield tag="003">DE-627</controlfield>
  <controlfield tag="005">20240219080855.0</controlfield>
  <controlfield tag="007">tu</controlfield>
  <controlfield tag="008">160912s2017    be |||||      00| ||eng c</controlfield>
  <datafield tag="020" ind1=" " ind2=" ">
   <subfield code="a">9782503569185</subfield>
   <subfield code="9">978-2-503-56918-5</subfield>
  </datafield>
  <datafield tag="024" ind1="3" ind2=" ">
   <subfield code="a">9782503569185</subfield>
  </datafield>
  <datafield tag="035" ind1=" " ind2=" ">
   <subfield code="a">(DE-627)867497998</subfield>
  </datafield>
  <datafield tag="035" ind1=" " ind2=" ">
   <subfield code="a">(DE-576)488742722</subfield>
  </datafield>
  <datafield tag="035" ind1=" " ind2=" ">
   <subfield code="a">(DE-599)HBZHT019082932</subfield>
  </datafield>
  <datafield tag="035" ind1=" " ind2=" ">
   <subfield code="a">(OCoLC)993627983</subfield>
  </datafield>
  <datafield tag="035" ind1=" " ind2=" ">
   <subfield code="a">(OCoLC)989959108</subfield>
  </datafield>
  <datafield tag="035" ind1=" " ind2=" ">
   <subfield code="a">(DE-605)HT019082932</subfield>
  </datafield>
  <datafield tag="040" ind1=" " ind2=" ">
   <subfield code="a">DE-627</subfield>
   <subfield code="b">ger</subfield>
   <subfield code="c">DE-627</subfield>
   <subfield code="e">rda</subfield>
  </datafield>
  <datafield tag="041" ind1=" " ind2=" ">
   <subfield code="a">eng</subfield>
  </datafield>
  <datafield tag="044" ind1=" " ind2=" ">
   <subfield code="c">XA-BE</subfield>
  </datafield>
  <datafield tag="050" ind1=" " ind2="0">
   <subfield code="a">ND813.V4</subfield>
  </datafield>
  <datafield tag="082" ind1="0" ind2=" ">
   <subfield code="a">759.6</subfield>
   <subfield code="2">23</subfield>
  </datafield>
  <datafield tag="084" ind1=" " ind2=" ">
   <subfield code="a">KUNST</subfield>
   <subfield code="q">DE-16</subfield>
   <subfield code="2">fid</subfield>
  </datafield>
  <datafield tag="084" ind1=" " ind2=" ">
   <subfield code="a">LI 91950</subfield>
   <subfield code="2">rvk</subfield>
   <subfield code="0">(DE-625)rvk/97334:</subfield>
  </datafield>
  <datafield tag="084" ind1=" " ind2=" ">
   <subfield code="a">20.31</subfield>
   <subfield code="2">bkl</subfield>
  </datafield>
  <datafield tag="090" ind1=" " ind2=" ">
   <subfield code="a">a</subfield>
  </datafield>
  <datafield tag="245" ind1="1" ind2="0">
   <subfield code="a">Velazquez re-examined</subfield>
   <subfield code="b">theory, history, poetry, and theatre</subfield>
   <subfield code="c">edited by Giles Knox and Tanya J. Tiffany</subfield>
  </datafield>
  <datafield tag="264" ind1=" " ind2="1">
   <subfield code="a">Turnhout, Belgium</subfield>
   <subfield code="b">Brepols</subfield>
   <subfield code="c">[2017]</subfield>
  </datafield>
  <datafield tag="264" ind1=" " ind2="4">
   <subfield code="c">© 2017</subfield>
  </datafield>
  <datafield tag="300" ind1=" " ind2=" ">
   <subfield code="a">130 Seiten</subfield>
   <subfield code="b">Illustrationen</subfield>
  </datafield>
  <datafield tag="336" ind1=" " ind2=" ">
   <subfield code="a">Text</subfield>
   <subfield code="b">txt</subfield>
   <subfield code="2">rdacontent</subfield>
  </datafield>
  <datafield tag="336" ind1=" " ind2=" ">
   <subfield code="a">unbewegtes Bild</subfield>
   <subfield code="b">sti</subfield>
   <subfield code="2">rdacontent</subfield>
  </datafield>
  <datafield tag="337" ind1=" " ind2=" ">
   <subfield code="a">ohne Hilfsmittel zu benutzen</subfield>
   <subfield code="b">n</subfield>
   <subfield code="2">rdamedia</subfield>
  </datafield>
  <datafield tag="338" ind1=" " ind2=" ">
   <subfield code="a">Band</subfield>
   <subfield code="b">nc</subfield>
   <subfield code="2">rdacarrier</subfield>
  </datafield>
  <datafield tag="520" ind1=" " ind2=" ">
   <subfield code="a">New Approaches to Velázquez offers fresh insight into one of the major figures in Western art. By bringing together the work of seven prominent scholars working across the disciplines, this collection will analyze the paintings of Diego Velázquez (1599-1660) within the cultural, religious, and intellectual frameworks of seventeenth-century Spain. Art historians such as Fernando Marías, and Javier Portús explore the origins of Velázquez's pivotal place in the history of Spanish art. At the same time, literary historian Laura Bass examines the central role played by Velázquez's academic formation in the imagery and style of his paintings. The approaches highlighted in this book represent a departure from recent studies of Velázquez's career as a courtier, and they instead focus on interpreting the unexplored issues raised by his paintings themselves</subfield>
  </datafield>
  <datafield tag="520" ind1=" " ind2=" ">
   <subfield code="a">The poet in painting: Góngora's portraits and the politics of the Paragone / Laura R. Bass -- Eggs, water, metal: Velázquez, the Paragone, and the products of pratica / Giles Knox -- Joseph's bloodied coat presented to Jacob: from portrait to history: history at the margins of the human / Fernando Marías -- Velázquez and the philosophers in the Torre de la Parada / Aneta Georgievska-Shine -- Heresy, Judaism, and paganism in the Hall of Realms / Javier Portús</subfield>
  </datafield>
  <datafield tag="583" ind1="1" ind2=" ">
   <subfield code="a">Archivierung/Langzeitarchivierung gewährleistet</subfield>
   <subfield code="f">FID</subfield>
   <subfield code="2">pdager</subfield>
   <subfield code="5">DE-16</subfield>
  </datafield>
  <datafield tag="600" ind1="1" ind2="0">
   <subfield code="a">Velázquez, Diego</subfield>
   <subfield code="d">1599-1660</subfield>
   <subfield code="x">Criticism and interpretation</subfield>
  </datafield>
  <datafield tag="650" ind1=" " ind2="0">
   <subfield code="a">Art, Spanish</subfield>
   <subfield code="y">17th century</subfield>
  </datafield>
  <datafield tag="655" ind1=" " ind2="7">
   <subfield code="a">Aufsatzsammlung</subfield>
   <subfield code="0">(DE-588)4143413-4</subfield>
   <subfield code="0">(DE-627)105605727</subfield>
   <subfield code="0">(DE-576)209726091</subfield>
   <subfield code="2">gnd-content</subfield>
  </datafield>
  <datafield tag="689" ind1="0" ind2="0">
   <subfield code="d">p</subfield>
   <subfield code="0">(DE-588)118626426</subfield>
   <subfield code="0">(DE-627)121171981</subfield>
   <subfield code="0">(DE-576)163403120</subfield>
   <subfield code="a">Velázquez, Diego Rodríguez de Silva y</subfield>
   <subfield code="d">1599-1660</subfield>
   <subfield code="2">gnd</subfield>
  </datafield>
  <datafield tag="689" ind1="0" ind2=" ">
   <subfield code="5">DE-101</subfield>
  </datafield>
  <datafield tag="700" ind1="1" ind2=" ">
   <subfield code="a">Knox, Giles</subfield>
   <subfield code="e">HerausgeberIn</subfield>
   <subfield code="0">(DE-588)138427275</subfield>
   <subfield code="0">(DE-627)602068088</subfield>
   <subfield code="0">(DE-576)305696637</subfield>
   <subfield code="4">edt</subfield>
  </datafield>
  <datafield tag="700" ind1="1" ind2=" ">
   <subfield code="a">Tiffany, Tanya J.</subfield>
   <subfield code="e">HerausgeberIn</subfield>
   <subfield code="0">(DE-588)1209159902</subfield>
   <subfield code="0">(DE-627)1696433010</subfield>
   <subfield code="4">edt</subfield>
  </datafield>
  <datafield tag="700" ind1="1" ind2=" ">
   <subfield code="a">Velázquez, Diego Rodríguez de Silva y</subfield>
   <subfield code="d">1599-1660</subfield>
   <subfield code="e">IllustratorIn</subfield>
   <subfield code="0">(DE-588)118626426</subfield>
   <subfield code="0">(DE-627)121171981</subfield>
   <subfield code="0">(DE-576)163403120</subfield>
   <subfield code="4">ill</subfield>
  </datafield>
  <datafield tag="787" ind1="0" ind2="8">
   <subfield code="i">Rezensiert in</subfield>
   <subfield code="a">Hänsel, Sylvaine, 1954 - </subfield>
   <subfield code="t">[Rezension von: Tanya J. Tiffany / Giles Knox (eds.), Velázquez re-examined. Theory, history, poetry, and theatre]</subfield>
   <subfield code="d">2020</subfield>
   <subfield code="w">(DE-627)1783557044</subfield>
  </datafield>
  <datafield tag="856" ind1="4" ind2="2">
   <subfield code="u">https://swbplus.bsz-bw.de/bsz488742722inh.htm</subfield>
   <subfield code="m">B:DE-576;DE-16</subfield>
   <subfield code="q">application/pdf</subfield>
   <subfield code="v">20170915134403</subfield>
   <subfield code="x">Verlag</subfield>
   <subfield code="3">Inhaltsverzeichnis</subfield>
  </datafield>
  <datafield tag="856" ind1="4" ind2="2">
   <subfield code="u">http://www.sehepunkte.de/2020/01/31408.html</subfield>
   <subfield code="m">V:DE-576;X:SEHEPUNKTE</subfield>
   <subfield code="q">text/html</subfield>
   <subfield code="v">20200610162628</subfield>
   <subfield code="3">Rezension</subfield>
  </datafield>
  <datafield tag="856" ind1="4" ind2="2">
   <subfield code="u">https://swbplus.bsz-bw.de/bsz867497998rez.htm</subfield>
   <subfield code="m">V:DE-576;B:DE-16</subfield>
   <subfield code="q">application/pdf</subfield>
   <subfield code="v">20200624153038</subfield>
   <subfield code="3">Rezension</subfield>
  </datafield>
  <datafield tag="935" ind1=" " ind2=" ">
   <subfield code="i">sf</subfield>
  </datafield>
  <datafield tag="935" ind1=" " ind2=" ">
   <subfield code="i">Blocktest</subfield>
  </datafield>
  <datafield tag="936" ind1="r" ind2="v">
   <subfield code="a">LI 91950</subfield>
   <subfield code="b">Velázquez, Diego Rodriguez de Silva y</subfield>
   <subfield code="k">Kunstgeschichte</subfield>
   <subfield code="k">Künstler-Monografien</subfield>
   <subfield code="k">Alphabetische Künstlerliste</subfield>
   <subfield code="k">Künstler V</subfield>
   <subfield code="k">Velázquez, Diego Rodriguez de Silva y</subfield>
   <subfield code="0">(DE-627)1270638114</subfield>
   <subfield code="0">(DE-625)rvk/97334:</subfield>
   <subfield code="0">(DE-576)200638114</subfield>
  </datafield>
  <datafield tag="936" ind1="b" ind2="k">
   <subfield code="a">20.31</subfield>
   <subfield code="j">Bildende Künstler</subfield>
   <subfield code="0">(DE-627)181571080</subfield>
  </datafield>
  <datafield tag="951" ind1=" " ind2=" ">
   <subfield code="a">BO</subfield>
  </datafield>
  <datafield tag="990" ind1=" " ind2=" ">
   <subfield code="a">Velázquez, Diego Rodríguez de Silva y</subfield>
  </datafield>
  <datafield tag="991" ind1=" " ind2=" ">
   <subfield code="a">Rezensiertes Werk</subfield>
  </datafield>
  <datafield tag="999" ind1=" " ind2=" ">
   <subfield code="a">KXP-PPN867497998</subfield>
   <subfield code="e">4032516723</subfield>
  </datafield>
 </record>
</collection>
